{"text_format":"3","workbook":"xlsx","n_sheets":1,"sheets":["Worksheet"],"read":"whole","date_system":"1900"}

{"sheet":"Worksheet","index":0,"n_rows":39,"n_cols":20,"rows_kept":39}
["№","Код участника","Название ОУ","СНИЛС","Фамилия","Имя","Отчество","Пол","Дата рождения","Участник с ОВЗ","Класс","Класс участия","Балл","Макс. балл","Статус","Призер МЭ прошлого года","Учитель","Место работы учителя","Направления и виды практик по технологии","Предмет"]
[529108,"531004_16964682228_27","МБОУ \"Уруссинская гимназия\"",16964682228,"Рахманкулов","Руслан","Рафикович","м","14.12.2011","нет",5,5,14,25,"призер",null,"Юнусова Р.Р.","МБОУ \"Уруссинская гимназия\"",null,"Биология"]
[529109,"531004_17353909084_27","МБОУ \"Уруссинская гимназия\"",17353909084,"Котловская","Гузалья","Ильнуровна","ж","29.08.2012","нет",5,5,15,25,"призер",null,"Юнусова Р.Р.","МБОУ \"Уруссинская гимназия\"",null,"Биология"]
[529110,"531004_17476217594_27","МБОУ \"Уруссинская гимназия\"",17476217594,"Макаров","Иван","Сергеевич","м","04.12.2012","нет",5,5,13,25,"призер",null,"Юнусова Р.Р.","МБОУ \"Уруссинская гимназия\"",null,"Биология"]
[529111,"531004_17285235381_27","МБОУ \"Уруссинская гимназия\"",17285235381,"Кашапова","Диля","Динаровна","ж","12.07.2012","нет",5,5,18,25,"победитель",null,"Юнусова Р.Р.","МБОУ \"Уруссинская гимназия\"",null,"Биология"]
[529112,"531004_17412611744_27","МБОУ \"Уруссинская гимназия\"",17412611744,"Гильманов","Камиль","Фиданович","м","23.09.2012","нет",5,5,7,25,"участник",null,"Юнусова Р.Р.","МБОУ \"Уруссинская гимназия\"",null,"Биология"]
[529113,"531004_17432319861_27","МБОУ \"Уруссинская гимназия\"",17432319861,"Тимербаев","Чингиз","Ринатович","м","12.10.2012","нет",5,5,10,25,"участник",null,"Юнусова Р.Р.","МБОУ \"Уруссинская гимназия\"",null,"Биология"]
[529114,"531004_17260254449_27","МБОУ \"Уруссинская гимназия\"",17260254449,"Вагизов","Ильназ","Линарович","м","08.05.2012","нет",5,5,13,25,"призер",null,"Юнусова Р.Р.","МБОУ \"Уруссинская гимназия\"",null,"Биология"]
[529115,"531004_17302895771_27","МБОУ \"Уруссинская гимназия\"",17302895771,"Султанов","Айгиз","Ильгизович","м","27.07.2012","нет",5,5,11,25,"участник",null,"Юнусова Р.Р.","МБОУ \"Уруссинская гимназия\"",null,"Биология"]
[529116,"531004_17560090264_27","МБОУ \"Уруссинская гимназия\"",17560090264,"Фаррахов","Камиль","Шамилевич","м","03.02.2013","нет",5,5,8,25,"участник",null,"Юнусова Р.Р.","МБОУ \"Уруссинская гимназия\"",null,"Биология"]
[529117,"531004_16433497983_27","МБОУ \"Уруссинская гимназия\"",16433497983,"Файзрахманов","Ильяс","Эдуардович","м","07.03.2011","нет",6,6,18,25,"призер",null,"Юнусова Р.Р.","МБОУ \"Уруссинская гимназия\"",null,"Биология"]
[529118,"531004_16411811638_27","МБОУ \"Уруссинская гимназия\"",16411811638,"Огнев","Артур","Рустамович","м","16.01.2011","нет",6,6,12,25,"участник",null,"Юнусова Р.Р.","МБОУ \"Уруссинская гимназия\"",null,"Биология"]
[529119,"531004_16882599842_27","МБОУ \"Уруссинская гимназия\"",16882599842,"Валеева","Адиля","Ильшатовна","ж","27.10.2011","нет",6,6,16,25,"призер",null,"Юнусова Р.Р.","МБОУ \"Уруссинская гимназия\"",null,"Биология"]
[529120,"531004_16556898833_27","МБОУ \"Уруссинская гимназия\"",16556898833,"Садыкова","Назифа","Руслановна","ж","29.04.2011","нет",6,6,19,25,"победитель",null,"Юнусова Р.Р.","МБОУ \"Уруссинская гимназия\"",null,"Биология"]
[529121,"531004_16850778006_27","МБОУ \"Уруссинская гимназия\"",16850778006,"Галиев","Раиль","Рафисович","м","30.09.2011","нет",6,6,16,25,"призер",null,"Юнусова Р.Р.","МБОУ \"Уруссинская гимназия\"",null,"Биология"]
[529122,"531004_16056647571_27","МБОУ \"Уруссинская гимназия\"",16056647571,"Шарифуллина","Чулпан","Руслановна","ж","07.06.2010","нет",7,7,23,30,"победитель",null,"Юнусова Р.Р.","МБОУ \"Уруссинская гимназия\"",null,"Биология"]
[529123,"531004_17860568413_27","МБОУ \"Уруссинская гимназия\"",17860568413,"Зиляев","Руслан","Денисович","м","14.01.2010","нет",7,7,13,30,"участник",null,"Юнусова Р.Р.","МБОУ \"Уруссинская гимназия\"",null,"Биология"]
[529124,"531004_15637367181_27","МБОУ \"Уруссинская гимназия\"",15637367181,"Гимадиев","Алмаз","Фанисович","м","15.07.2009","нет",7,7,16,30,"призер",null,"Юнусова Р.Р.","МБОУ \"Уруссинская гимназия\"",null,"Биология"]
[529125,"531004_16013363922_27","МБОУ \"Уруссинская гимназия\"",16013363922,"Лотфуллин","Данис","Василевич","м","15.05.2010","нет",7,7,11,30,"участник",null,"Юнусова Р.Р.","МБОУ \"Уруссинская гимназия\"",null,"Биология"]
[529126,"531004_16094230653_27","МБОУ \"Уруссинская гимназия\"",16094230653,"Ямаев","Амир","Фанисович","м","05.06.2010","нет",7,7,8,30,"участник",null,"Юнусова Р.Р.","МБОУ \"Уруссинская гимназия\"",null,"Биология"]
[529127,"531004_17648186514_27","МБОУ \"Уруссинская гимназия\"",17648186514,"Закирова","Амира","Ильдусовна","ж","24.08.2010","нет",7,7,18,30,"призер",null,"Шайхутдинова Э.Ф.","МБОУ \"Уруссинская гимназия\"",null,"Биология"]
[529128,"531004_16404546452_27","МБОУ \"Уруссинская гимназия\"",16404546452,"Сибагатова","Асель","Маратовна","ж","19.02.2011","нет",7,7,15,30,"призер",null,"Шайхутдинова Э.Ф.","МБОУ \"Уруссинская гимназия\"",null,"Биология"]
[529129,"531004_16501970558_27","МБОУ \"Уруссинская гимназия\"",16501970558,"Харисова","Камилла","Ленаровна","ж","14.02.2010","нет",7,7,18,30,"призер",null,"Шайхутдинова Э.Ф.","МБОУ \"Уруссинская гимназия\"",null,"Биология"]
[529130,"531004_18503697693_27","МБОУ \"Уруссинская гимназия\"",18503697693,"Харисов","Айрат","Маратович","м","15.10.2009","нет",8,8,17,33,"победитель","Да","Шайхутдинова Э.Ф.","МБОУ \"Уруссинская гимназия\"",null,"Биология"]
[529131,"531004_15707609476_27","МБОУ \"Уруссинская гимназия\"",15707609476,"Зиннатуллин","Юсуф","Ильясович","м","26.12.2009","нет",8,8,16,33,"призер","Да","Шайхутдинова Э.Ф.","МБОУ \"Уруссинская гимназия\"",null,"Биология"]
[529132,"531004_16472878307_27","МБОУ \"Уруссинская гимназия\"",16472878307,"Маризоев","Султон","Баротджонович","м","04.09.2009","нет",8,8,8,33,"участник",null,"Шайхутдинова Э.Ф.","МБОУ \"Уруссинская гимназия\"",null,"Биология"]
[529133,"531004_15458190279_27","МБОУ \"Уруссинская гимназия\"",15458190279,"Яхин","Нияз","Азатович","м","30.03.2009","нет",9,9,25,57,"участник",null,"Шайхутдинова Э.Ф.","МБОУ \"Уруссинская гимназия\"",null,"Биология"]
[529134,"531004_15548543489_27","МБОУ \"Уруссинская гимназия\"",15548543489,"Афлятунова","Алина","Айратовна","ж","01.10.2008","нет",9,9,26,57,"участник",null,"Шайхутдинова Э.Ф.","МБОУ \"Уруссинская гимназия\"",null,"Биология"]
[529135,"531004_14509393873_27","МБОУ \"Уруссинская гимназия\"",14509393873,"Юсупова","Раиля","Марселевна","ж","27.03.2007","нет",10,10,32,64,"призер",null,"Юнусова Р.Р.","МБОУ \"Уруссинская гимназия\"",null,"Биология"]
[529136,"531004_17554010961_27","МБОУ \"Уруссинская гимназия\"",17554010961,"Санникова","Анастасия","Юрьевна","ж","22.12.2007","нет",10,10,39,64,"победитель","Да","Юнусова Р.Р.","МБОУ \"Уруссинская гимназия\"",null,"Биология"]
[529137,"531004_14713507549_27","МБОУ \"Уруссинская гимназия\"",14713507549,"Огнева","Алина","Рустамовна","ж","11.08.2007","нет",10,10,27,64,"участник",null,"Юнусова Р.Р.","МБОУ \"Уруссинская гимназия\"",null,"Биология"]
[529138,"531004_14786389323_27","МБОУ \"Уруссинская гимназия\"",14786389323,"Шакирова","Камилла","Рашитовна","ж","15.10.2007","нет",10,10,39,64,"призер",null,"Юнусова Р.Р.","МБОУ \"Уруссинская гимназия\"",null,"Биология"]
[529139,"531004_14710890963_27","МБОУ \"Уруссинская гимназия\"",14710890963,"Ахметова","Самира","Дамировна","ж","07.08.2007","нет",10,10,28,64,"участник",null,"Юнусова Р.Р.","МБОУ \"Уруссинская гимназия\"",null,"Биология"]
[529140,"531004_14858918222_27","МБОУ \"Уруссинская гимназия\"",14858918222,"Султанова","Дина","Фанилевна","ж","13.08.2007","нет",10,10,29,64,"участник",null,"Юнусова Р.Р.","МБОУ \"Уруссинская гимназия\"",null,"Биология"]
[529141,"531004_14049286154_27","МБОУ \"Уруссинская гимназия\"",14049286154,"Гильмутдинова","Снежана","Игоревна","ж","19.05.2006","нет",11,11,38,71,"победитель","Да","Юнусова Р.Р.","МБОУ \"Уруссинская гимназия\"",null,"Биология"]
[529142,"531004_13946386501_27","МБОУ \"Уруссинская гимназия\"",13946386501,"Вяткина","Диана","Александровна","ж","18.02.2006","нет",11,11,33,71,"участник","Да","Юнусова Р.Р.","МБОУ \"Уруссинская гимназия\"",null,"Биология"]
[529143,"531004_17821360875_27","МБОУ \"Уруссинская гимназия\"",17821360875,"Шакирова","Диана","Алмазовна","ж","28.02.2006","нет",11,11,35,71,"призер","Да","Юнусова Р.Р.","МБОУ \"Уруссинская гимназия\"",null,"Биология"]
[529144,"531004_14032969848_27","МБОУ \"Уруссинская гимназия\"",14032969848,"Халиков","Данис","Салаватович","м","11.01.2006","нет",11,11,22,71,"участник",null,"Юнусова Р.Р.","МБОУ \"Уруссинская гимназия\"",null,"Биология"]
[529145,"531004_14059662162_27","МБОУ \"Уруссинская гимназия\"",14059662162,"Ермолаев","Артем","Викторович","м","04.02.2006","нет",11,11,17,71,"участник",null,"Юнусова Р.Р.","МБОУ \"Уруссинская гимназия\"",null,"Биология"]